Thiết kế bài giảng điện tử theo phương pháp dạy học chương trình hóa phần Cơ học vật lí 10 nâng cao trung học phổ thông
Cơ sở lý luận thiết kế BGĐT theo PPDH chương trình hóa. Thiết kế BGĐT theo PPDH chương trình hóa phần Cơ học vật lí 10 nâng cao THPT
Shranjeno v:
| Glavni avtor: | |
|---|---|
| Drugi avtorji: | |
| Format: | Knjiga |
| Izdano: |
Đà Nẵng
Đại học Sư phạm, Đại học Đà Nẵng
2012
|
| Teme: | |
| Oznake: |
Označite
Brez oznak, prvi označite!
|
| Thư viện lưu trữ: | Mạng thư viện Đại học Đà Nẵng |
|---|
| LEADER | 01748nam a2200337 4500 | ||
|---|---|---|---|
| 001 | 000017405 | ||
| 003 | 13823 | ||
| 005 | 20130412160418.0 | ||
| 008 | 130412s2012 sd | ||
| 082 | |a 530.107 |b LÊ-L | ||
| 100 | 1 | |a Lê Thị Liên | |
| 245 | |a Thiết kế bài giảng điện tử theo phương pháp dạy học chương trình hóa phần Cơ học vật lí 10 nâng cao trung học phổ thông |c Lê Thị Liên ; Lê Thanh Huy hướng dẫn |k Khóa luận tốt nghiệp | ||
| 260 | |a Đà Nẵng |b Đại học Sư phạm, Đại học Đà Nẵng |c 2012 | ||
| 300 | |a 53 tr., phụ lục 35 tr. |b Hình mh. |c 29 cm. |e Đĩa CD, bản tóm tắt | ||
| 500 | |a Khóa luận tốt nghiệp đại học. Chuyên ngành: Sư phạm Vật Lý | ||
| 504 | |a Mục lục đầu trang, tài liệu tham khảo tr. 73 - 74, phụ lục [13 tr.] | ||
| 520 | |a Cơ sở lý luận thiết kế BGĐT theo PPDH chương trình hóa. Thiết kế BGĐT theo PPDH chương trình hóa phần Cơ học vật lí 10 nâng cao THPT | ||
| 600 | 1 | 4 | |b Vua |c Đinh Tiên Hoàng |
| 650 | 0 | 4 | |a Cơ học |a Giáo dục THPT |v Khóa luận tốt nghiệp |x Vật lý 10 |
| 653 | |a Khoa Vật lý |a Cơ học |a Giáo dục THPT | ||
| 700 | |a Lê Thanh Huy |e Hướng dẫn | ||
| OWN | |a LSP | ||
| AVA | |a UDN50 |b LSP |d 530.107 LÊ-L |e available |t Error 5001 Not defined in file expand_doc_bib_avail. |f 1 |g 0 |h N |i 0 |k 1 | ||
| 999 | |a From the UDN01 | ||
| AVA | |a UDN50 |b LSP |d 530.107 LÊ-L |e available |t Error 5001 Not defined in file expand_doc_bib_avail. |f 1 |g 0 |h N |i 0 |k 1 | ||
| TYP | |a Monograph | ||
| TYP | |a Printed language | ||
| 980 | |a Mạng thư viện Đại học Đà Nẵng | ||